Unlocking the employment potential in the Middle East and North Africa (Record no. 65738)
[ view plain ]
| 000 -LEADER | |
|---|---|
| fixed length control field | 01300nam a2200325Ia 4500 |
| 082 04 - DEWEY DECIMAL CLASSIFICATION NUMBER | |
| Classification number | 331.12/042/0956 |
| 245 00 - TITLE STATEMENT | |
| Title | Unlocking the employment potential in the Middle East and North Africa |
| 260 ## - PUBLICATION, DISTRIBUTION, ETC. (IMPRINT) | |
| Place of publication | Washington, DC : |
| Name of publisher | World Bank, |
| Year of publication | 2004. |
| 300 ## - PHYSICAL DESCRIPTION | |
| Number of Pages | xxii, 287 p. |
| 490 1# - SERIES STATEMENT | |
| Series statement | Orientations in development series |
| 650 #0 - SUBJECT ADDED ENTRY--TOPICAL TERM | |
| Topical Term | Labor market |
| Topical Term | Labor market |
| Topical Term | Labor supply |
| Topical Term | Labor supply |
| 856 40 - ELECTRONIC LOCATION AND ACCESS | |
| Uniform Resource Identifier | http://site.ebrary.com/lib/rucke/Doc?id=10053616 |
No items available.
